| 000 | 00671nam a2200181 a 4500 | ||
|---|---|---|---|
| 008 | 090320s1981 ||||||||||||||||| || u | ||
| 020 | _a9781560541 | ||
| 050 | _aJC 494 Bab | ||
| 100 | _aBabatope, Ebenezer | ||
| 245 | 1 | 0 |
_aCoups: Africa and the barrack revolts _cby Ebenezer Babatope |
| 260 |
_aEnugu, Nigeria _bFourth Dimension _c1981 |
||
| 300 | _aix, 180p | ||
| 350 | _a0.00 | ||
| 650 | 7 |
_aAFRICA _2fast |
|
| 650 | 0 | _aAFRICA--POLITICS AND GOVERNMENT--1960 | |
| 650 | _aCOUPS D' ÉTAT--AFRICA | ||
| 995 |
_D0.00 _FCBU-MAIN LIBRARY (Kitwe) _H1 _I0.00 _M1 _UAVAILABLE _WMay 13, 2009 _ZMain Library Open Access Collection |
||
| 999 |
_c39074 _d39074 |
||